[Event "FRA-chT1 0910"]
[Site "France"]
[Date "2009.11.22"]
[Round "5.7"]
[White "Leriche, Luc"]
[Black "Thomas, Ludovic"]
[Result "1/2-1/2"]
[WhiteElo "1935"]
[BlackElo "2164"]
[PlyCount "46"]
[EventDate "2009.09.27"]
[EventType "team-match"]
[EventRounds "11"]
[EventCountry "FRA"]
[SourceDate "2009.07.26"]

1. e4 c5 2. Nc3 e6 3. Nf3 Nc6 4. d4 cxd4 5. Nxd4 a6 6. Be2 Qc7 7. O-O Nf6 8.
Be3 h5 9. f3 Bd6 10. f4 Bc5 11. e5 Nxe5 12. fxe5 Qxe5 13. Bf2 Ng4 14. Nf3 Nxf2
15. Rxf2 Qe3 16. Qf1 b5 17. Re1 Bb7 18. Bd3 Qf4 19. Be4 Qc7 20. Bxb7 Qxb7 21.
Ne4 Bxf2+ 22. Qxf2 Qa7 23. Nd6+ Ke7 1/2-1/2

[Event "FRA-chT1 0910"]
[Site "France"]
[Date "2009.11.22"]
[Round "5.8"]
[White "Lamorelle, Camille"]
[Black "Marchais, Aurelie"]
[Result "1/2-1/2"]
[WhiteElo "1773"]
[BlackElo "1773"]
[PlyCount "67"]
[EventDate "2009.09.27"]
[EventType "team-match"]
[EventRounds "11"]
[EventCountry "FRA"]
[SourceDate "2009.07.26"]

1. e4 c6 2. d4 d5 3. e5 Bf5 4. Nc3 Qb6 5. a3 h6 6. Be2 e6 7. Rb1 Nd7 8. Be3 Ne7
9. g4 Bh7 10. h4 O-O-O 11. Nf3 f6 12. b4 Kb8 13. a4 fxe5 14. Nxe5 Nxe5 15. a5
Qc7 16. dxe5 Qxe5 17. Bd4 Qc7 18. b5 c5 19. b6 axb6 20. axb6 Qd6 21. Be3 d4 22.
Nb5 Qxb6 23. Bf4+ Kc8 24. Nd6+ Rxd6 25. Rxb6 Rxb6 26. Bd3 Bxd3 27. cxd3 Nd5 28.
Bd2 Bd6 29. O-O Rf8 30. Qa4 Rb2 31. Bc1 Rb1 32. Qa2 Rb6 33. Re1 Kd7 34. Qe2
1/2-1/2

[Event "FRA-chT1 0910"]
[Site "France"]
[Date "2009.12.12"]
[Round "6.2"]
[White "Spraggett, Kevin"]
[Black "Metzger, Clement"]
[Result "1-0"]
[WhiteElo "2594"]
[BlackElo "2189"]
[PlyCount "77"]
[EventDate "2009.09.27"]
[EventType "team-match"]
[EventRounds "11"]
[EventCountry "FRA"]
[SourceDate "2009.07.26"]
[WhiteTeam "Gif/yvette"]

1. e4 c5 2. Nf3 Nc6 3. d4 cxd4 4. Nxd4 Nf6 5. Nc3 e5 6. Ndb5 d6 7. Bg5 a6 8.
Na3 b5 9. Nd5 Be7 10. Bxf6 Bxf6 11. c4 b4 12. Nc2 Rb8 13. b3 Bg5 14. Be2 O-O
15. O-O a5 16. Qd3 Ne7 17. Nce3 Bxe3 18. Nxe3 Bb7 19. Rad1 Ng6 20. Bf3 Nh4 21.
Nf5 Nxf5 22. exf5 Bxf3 23. Qxf3 Qf6 24. Qe4 a4 25. Rd5 axb3 26. axb3 h6 27.
Rfd1 Rb6 28. g3 Rc8 29. h4 Rcc6 30. Ra5 g6 31. fxg6 Qxg6 32. Qe3 Kg7 33. Kg2
Qg4 34. Rdd5 Ra6 35. Qd3 Rcb6 36. Rxa6 Rxa6 37. Rxd6 Ra3 38. Qe3 Qf5 39. Rd5
1-0

[Event "FRA-chT1 0910"]
[Site "France"]
[Date "2009.12.12"]
[Round "6.3"]
[White "Debray, Tristan"]
[Black "Desbonnes, Samy"]
[Result "0-1"]
[WhiteElo "2180"]
[BlackElo "2331"]
[PlyCount "80"]
[EventDate "2009.09.27"]
[EventType "team-match"]
[EventRounds "11"]
[EventCountry "FRA"]
[SourceDate "2009.07.26"]

1. e4 c5 2. Nc3 Nc6 3. g3 g6 4. Bg2 Bg7 5. d3 d6 6. Be3 e6 7. Qd2 Qa5 8. f4
Nge7 9. Nf3 Nd4 10. O-O O-O 11. Bxd4 cxd4 12. Nd5 Qd8 13. Nxe7+ Qxe7 14. c3
dxc3 15. bxc3 Bd7 16. d4 Rac8 17. Rfe1 Rc7 18. Rac1 Rfc8 19. Qb2 b5 20. Bf1 Qd8
21. Qa3 Be8 22. Red1 Bc6 23. Bd3 Rb7 24. Rb1 a5 25. Rdc1 Bf8 26. Qb2 Rcb8 27.
Qd2 Bd7 28. e5 Bc6 29. Ng5 dxe5 30. fxe5 Bh6 31. h4 Qd5 32. Kh2 Bxg5 33. hxg5
b4 34. cxb4 Rxb4 35. Bc4 Qf3 36. Rxb4 Rxb4 37. Qe2 Rb2 38. Qxb2 Qh5+ 39. Kg1
Qh1+ 40. Kf2 Qg2+ 0-1

[Event "FRA-chT1 0910"]
[Site "France"]
[Date "2009.12.12"]
[Round "6.4"]
[White "Gervais, Victor"]
[Black "Samoun, Florent"]
[Result "0-1"]
[WhiteElo "2313"]
[BlackElo "2132"]
[PlyCount "66"]
[EventDate "2009.09.27"]
[EventType "team-match"]
[EventRounds "11"]
[EventCountry "FRA"]
[SourceDate "2009.07.26"]

1. d4 d5 2. c4 e6 3. Nf3 Nf6 4. Bg5 c6 5. Nc3 h6 6. Bh4 dxc4 7. e4 g5 8. Bg3 b5
9. Be2 Bb7 10. O-O Nbd7 11. d5 cxd5 12. exd5 Nxd5 13. Nxb5 a6 14. Nd6+ Bxd6 15.
Bxd6 Qb6 16. Ba3 Nf4 17. Rc1 Rc8 18. Re1 Nxg2 19. Kxg2 g4 20. Kf1 gxf3 21. Bxf3
Bxf3 22. Qxf3 Rg8 23. Red1 Qb5 24. Rc3 Rg6 25. Rd4 Ne5 26. Qe4 Rg4 27. Qe3 Rxd4
28. Qxd4 Rd8 29. Qa7 Ng6 30. Qc7 Qd5 31. Qxc4 Qh1+ 32. Ke2 Qd1+ 33. Ke3 Qd2+
0-1

[Event "FRA-chT1 0910"]
[Site "France"]
[Date "2009.12.12"]
[Round "6.6"]
[White "Seret, Jean Renaud"]
[Black "Lalande, Jean Louis"]
[Result "1-0"]
[WhiteElo "2181"]
[BlackElo "2071"]
[PlyCount "85"]
[EventDate "2009.09.27"]
[EventType "team-match"]
[EventRounds "11"]
[EventCountry "FRA"]
[SourceDate "2009.07.26"]

1. e4 c5 2. Nf3 g6 3. d4 cxd4 4. Nxd4 Nf6 5. Nc3 Bg7 6. Be3 O-O 7. Be2 Nc6 8.
Qd2 d5 9. Nxc6 bxc6 10. Rd1 Qa5 11. exd5 cxd5 12. Nxd5 Qxd2+ 13. Rxd2 Nxd5 14.
Rxd5 Bxb2 15. O-O Be6 16. Ra5 Rfc8 17. Bf3 Bc3 18. Ra4 Rab8 19. Rxa7 Rb2 20.
Be4 Kf8 21. a3 f6 22. Bd3 Ra2 23. Rb1 Bb2 24. a4 Bf5 25. a5 Bxd3 26. cxd3 Kf7
27. a6 Rc6 28. Rb7 Rcxa6 29. Bc5 Re6 30. g3 Bc3 31. Rc1 Be1 32. Kf1 Bd2 33. Rd1
f5 34. d4 Bg5 35. d5 Re5 36. f4 Bxf4 37. gxf4 Re4 38. d6 Rxf4+ 39. Kg1 Rg4+ 40.
Kh1 Rh4 41. Rxe7+ Kf6 42. Bd4+ Kg5 43. Bg1 1-0

[Event "FRA-chT1 0910"]
[Site "France"]
[Date "2009.12.12"]
[Round "6.8"]
[White "Chaumont, Adeline"]
[Black "Pincon, Stephane"]
[Result "0-1"]
[WhiteElo "2049"]
[BlackElo "1990"]
[PlyCount "98"]
[EventDate "2009.09.27"]
[EventType "team-match"]
[EventRounds "11"]
[EventCountry "FRA"]
[SourceDate "2009.07.26"]

1. d4 Nf6 2. c4 e6 3. Nc3 Bb4 4. Qc2 Nc6 5. Nf3 d6 6. a3 Bxc3+ 7. Qxc3 Qe7 8.
e3 e5 9. d5 Nb8 10. Qc2 a5 11. Bd2 O-O 12. Be2 Nbd7 13. O-O a4 14. Bb4 Ne8 15.
Bd3 g6 16. e4 Ng7 17. Bd2 Nc5 18. Bg5 f6 19. Be3 Nxd3 20. Qxd3 f5 21. Bg5 Qe8
22. Nd2 f4 23. f3 Nh5 24. Rac1 b6 25. Nb1 Rf7 26. Nc3 h6 27. Bh4 g5 28. Be1 Qe7
29. Qe2 Ng7 30. Qd1 Bd7 31. Nb5 Ne8 32. Nc3 Rg7 33. Kh1 h5 34. g3 fxg3 35. Bxg3
Nf6 36. Rg1 h4 37. Bf2 Nh5 38. Be3 Rf8 39. Qe2 g4 40. Rcf1 g3 41. Bh6 Nf4 42.
Bxf4 exf4 43. Rc1 h3 44. Rge1 Qe5 45. Nb5 Bxb5 46. cxb5 Qd4 47. hxg3 fxg3 48.
Red1 Qe5 49. Kg1 g2 0-1

[Event "FRA-chT1 0910"]
[Site "France"]
[Date "2009.12.12"]
[Round "6.1"]
[White "Winants, Luc"]
[Black "Carbonnel, Pierre"]
[Result "1-0"]
[WhiteElo "2536"]
[BlackElo "2260"]
[PlyCount "69"]
[EventDate "2009.09.27"]
[EventType "team-match"]
[EventRounds "11"]
[EventCountry "FRA"]
[SourceDate "2009.07.26"]
[WhiteTeam "Cappelle"]

1. d4 Nf6 2. c4 g6 3. Nc3 d5 4. cxd5 Nxd5 5. e4 Nxc3 6. bxc3 Bg7 7. Bg5 c5 8.
Rc1 Qa5 9. Qd2 cxd4 10. cxd4 Qxd2+ 11. Bxd2 Bd7 12. Nf3 h6 13. Be3 e6 14. Bd3
Bc6 15. Ne5 O-O 16. f4 Rd8 17. Ke2 Be8 18. Rc4 Nc6 19. Rhc1 f5 20. h3 Nxe5 21.
fxe5 Bc6 22. Rxc6 bxc6 23. Rxc6 Re8 24. exf5 gxf5 25. Bc4 Kf7 26. d5 Bxe5 27.
dxe6+ Kf6 28. Bb3 f4 29. Bf2 Rac8 30. Ra6 Rc7 31. Kf3 Ke7 32. Ke4 Bf6 33. Rxa7
Rg8 34. Ra6 Rc6 35. Ra7+ 1-0

[Event "FRA-chT1 0910"]
[Site "France"]
[Date "2009.12.12"]
[Round "6.3"]
[White "Carlier, Bruno"]
[Black "Rabeyrin, Jean Jacques"]
[Result "1-0"]
[WhiteElo "2401"]
[BlackElo "2265"]
[PlyCount "72"]
[EventDate "2009.09.27"]
[EventType "team-match"]
[EventRounds "11"]
[EventCountry "FRA"]
[SourceDate "2009.07.26"]

1. Nf3 d5 2. g3 Bg4 3. Bg2 c6 4. h3 Bxf3 5. Bxf3 Nd7 6. b3 e5 7. Bb2 Ngf6 8. c4
Bd6 9. cxd5 cxd5 10. d3 O-O 11. O-O Qe7 12. Nc3 Qe6 13. Bg2 Rac8 14. Rc1 a6 15.
e4 dxe4 16. dxe4 Rfd8 17. Qe2 Bc5 18. Nd5 Nxd5 19. exd5 Qb6 20. Rc4 Bd6 21. Rh4
g6 22. Kh1 Re8 23. Qd2 Bf8 24. f4 Qd6 25. f5 Bg7 26. g4 Nf6 27. g5 Nh5 28. Rxh5
gxh5 29. f6 Bf8 30. Be4 Qb4 31. Qe2 Rc3 32. Bxc3 Qxc3 33. Qxh5 h6 34. g6 Rc8
35. gxf7+ Kh8 36. Qf5 Qxh3+ 1-0

[Event "FRA-chT1 0910"]
[Site "France"]
[Date "2009.12.12"]
[Round "6.4"]
[White "Jablonski, Noham"]
[Black "Jossien, Arnaud"]
[Result "1-0"]
[WhiteElo "2312"]
[BlackElo "2363"]
[PlyCount "103"]
[EventDate "2009.09.27"]
[EventType "team-match"]
[EventRounds "11"]
[EventCountry "FRA"]
[SourceDate "2009.07.26"]

1. e4 c6 2. d4 g6 3. Nc3 Bg7 4. Bc4 b5 5. Bb3 b4 6. Na4 d6 7. Nf3 Nf6 8. e5 Nd5
9. O-O O-O 10. a3 a5 11. c4 bxc3 12. bxc3 Bg4 13. exd6 Qxd6 14. h3 Bf5 15. Qd2
Nd7 16. c4 Rab8 17. Ba2 Nc7 18. c5 Qf6 19. Qxa5 Ne6 20. Bxe6 Bxe6 21. Qc7 Rfc8
22. Qg3 Rb3 23. Be3 Bd5 24. Nd2 Rb7 25. Nc3 Qe6 26. Nxd5 Qxd5 27. Qf3 Qxf3 28.
Nxf3 Ra8 29. Ra2 Ra4 30. d5 Rc7 31. dxc6 Rxc6 32. Rd1 Ra7 33. Rad2 Nf8 34. Rd3
Ne6 35. Ng5 Nxg5 36. Bxg5 f6 37. Be3 Kf7 38. Rb1 f5 39. Rb6 Rcc7 40. c6 Ra8 41.
Bf4 e5 42. Rb7 Rac8 43. Bd2 Ke6 44. Bb4 e4 45. Rd6+ Ke5 46. Rb5+ Kf4 47. Bd2+
e3 48. Bxe3+ Ke4 49. Bg5 f4 50. f3+ Ke3 51. Rb3+ Ke2 52. Bxf4 1-0

[Event "FRA-chT1 0910"]
[Site "France"]
[Date "2009.12.12"]
[Round "6.5"]
[White "Platel, Alexandre"]
[Black "Vasilescu, Victor"]
[Result "1/2-1/2"]
[WhiteElo "2255"]
[BlackElo "2150"]
[PlyCount "97"]
[EventDate "2009.09.27"]
[EventType "team-match"]
[EventRounds "11"]
[EventCountry "FRA"]
[SourceDate "2009.07.26"]

1. e4 c5 2. Nf3 e6 3. c4 Nc6 4. d4 cxd4 5. Nxd4 Nf6 6. Nc3 Bb4 7. Nxc6 dxc6 8.
Qxd8+ Kxd8 9. Bg5 h6 10. O-O-O+ Ke7 11. Bd2 e5 12. Bd3 Rd8 13. Kc2 Bc5 14. f3
Be6 15. g4 Ne8 16. h3 Nd6 17. b3 f6 18. f4 exf4 19. Bxf4 Nf7 20. Ne2 a6 21. Ng3
Bd6 22. Bxd6+ Rxd6 23. c5 Rd7 24. Bc4 g6 25. Rxd7+ Kxd7 26. Rd1+ Ke7 27. Kc3
Rd8 28. Rxd8 Nxd8 29. Bd3 Nf7 30. Ne2 Ne5 31. Nf4 Bf7 32. Be2 g5 33. Ng2 Be6
34. Ne3 Ng6 35. Bf1 Nf4 36. Kb4 h5 37. Ka5 hxg4 38. hxg4 Kd8 39. Kb6 Kc8 40.
Bc4 Bd7 41. Bf7 Nd3 42. Nc4 Ne5 43. Nd6+ Kb8 44. Bh5 Bc8 45. b4 Nd7+ 46. Ka5
Ne5 47. Kb6 Nd7+ 48. Ka5 Ne5 49. Kb6 1/2-1/2

[Event "FRA-chT1 0910"]
[Site "France"]
[Date "2009.12.12"]
[Round "6.7"]
[White "Couche, Didier"]
[Black "Lohou, Stephane"]
[Result "1-0"]
[WhiteElo "2129"]
[BlackElo "2181"]
[PlyCount "67"]
[EventDate "2009.09.27"]
[EventType "team-match"]
[EventRounds "11"]
[EventCountry "FRA"]
[SourceDate "2009.07.26"]

1. d4 Nf6 2. c4 g6 3. Nc3 d5 4. Nf3 Bg7 5. Bg5 Ne4 6. cxd5 Nxg5 7. Nxg5 e6 8.
Nf3 exd5 9. b4 O-O 10. e3 c6 11. Rc1 a6 12. Be2 Nd7 13. O-O b5 14. e4 Bb7 15.
exd5 cxd5 16. a4 bxa4 17. Nxa4 Re8 18. Nc5 Nxc5 19. bxc5 Bc6 20. Bd3 a5 21. Ra1
a4 22. Ra3 Qa5 23. Qa1 Ra7 24. Rb1 Bd7 25. h3 Qc7 26. Bb5 Bxb5 27. Rxb5 Rea8
28. Qa2 Qf4 29. Rb4 Re8 30. g3 Qf5 31. Kg2 Rae7 32. Rbxa4 Re2 33. Ra8 h5 34.
Qxe2 1-0

[Event "FRA-chT1 0910"]
[Site "France"]
[Date "2009.12.12"]
[Round "6.8"]
[White "Cochet, Caroline"]
[Black "Houck, Veronique"]
[Result "1-0"]
[WhiteElo "2032"]
[BlackElo "1721"]
[PlyCount "52"]
[EventDate "2009.09.27"]
[EventType "team-match"]
[EventRounds "11"]
[EventCountry "FRA"]
[SourceDate "2009.07.26"]

1. e4 c5 2. Nf3 Nc6 3. Bb5 Nf6 4. d3 d6 5. O-O Bd7 6. a4 a6 7. Bc4 e6 8. Nc3
Be7 9. h3 Na5 10. e5 Nxc4 11. exf6 Bxf6 12. dxc4 Bc6 13. Bf4 e5 14. Bg3 O-O 15.
Nd5 e4 16. Nd2 Bxb2 17. Rb1 Bf6 18. Nxe4 Be7 19. Re1 Re8 20. Nxe7+ Rxe7 21. Qg4
Rxe4 22. Rxe4 Bxe4 23. Qxe4 b6 24. Rxb6 Ra7 25. Rxd6 Rd7 26. Rxd7 Qxd7 1-0

[Event "FRA-chT1 0910"]
[Site "France"]
[Date "2009.12.12"]
[Round "6.1"]
[White "Mullon, Jean Baptiste"]
[Black "Roser, Kevin"]
[Result "0-1"]
[WhiteElo "2368"]
[BlackElo "2427"]
[PlyCount "52"]
[EventDate "2009.09.27"]
[EventType "team-match"]
[EventRounds "11"]
[EventCountry "FRA"]
[SourceDate "2009.07.26"]
[WhiteTeam "Clichy"]
[BlackTeam "Issy Les Moulineaux"]

1. e4 c5 2. Nf3 Nc6 3. d4 cxd4 4. Nxd4 Nf6 5. Nc3 d6 6. Bg5 e6 7. Qd2 a6 8.
O-O-O Be7 9. f3 h6 10. Be3 Nxd4 11. Bxd4 b5 12. Kb1 Rb8 13. Ne2 e5 14. Bc3 Be6
15. Nc1 Qc7 16. Ba5 Qb7 17. Nd3 O-O 18. h4 d5 19. Nxe5 dxe4 20. Qf4 b4 21. Be2
Rfc8 22. g4 Rc5 23. g5 Nd5 24. Qxe4 Rxa5 25. Bc4 Nc3+ 26. bxc3 bxc3+ 0-1

[Event "FRA-chT1 0910"]
[Site "France"]
[Date "2009.12.12"]
[Round "6.2"]
[White "Piankov, Evgenij"]
[Black "Delorme, Axel"]
[Result "0-1"]
[WhiteElo "2385"]
[BlackElo "2424"]
[PlyCount "66"]
[EventDate "2009.09.27"]
[EventType "team-match"]
[EventRounds "11"]
[EventCountry "FRA"]
[SourceDate "2009.07.26"]
[BlackTeam "Clichy"]

1. d4 d5 2. Nf3 c6 3. e3 Nf6 4. c4 a6 5. cxd5 cxd5 6. Bd3 Nc6 7. O-O Bg4 8. Bd2
e6 9. Qb3 Rb8 10. Bc3 Bxf3 11. gxf3 Bd6 12. Rc1 Nh5 13. Nd2 Qg5+ 14. Kf1 Bxh2
15. Bb4 Nf4 16. exf4 Qg1+ 17. Ke2 Nxd4+ 18. Ke3 Bxf4+ 19. Kxf4 Qh2+ 20. Ke3
Qe5+ 21. Be4 Nxb3 22. axb3 g5 23. Bc3 Qf4+ 24. Ke2 dxe4 25. Bxh8 exf3+ 26. Ke1
Rd8 27. Bc3 b5 28. b4 g4 29. Rxa6 h5 30. Rca1 h4 31. Ra8 g3 32. Rxd8+ Kxd8 33.
fxg3 Qxg3+ 0-1

[Event "FRA-chT1 0910"]
[Site "France"]
[Date "2009.12.12"]
[Round "6.3"]
[White "Lagarde, Maxime"]
[Black "Cotonnec, Melkior"]
[Result "1-0"]
[WhiteElo "2393"]
[BlackElo "2276"]
[PlyCount "127"]
[EventDate "2009.09.27"]
[EventType "team-match"]
[EventRounds "11"]
[EventCountry "FRA"]
[SourceDate "2009.07.26"]

1. e4 Nc6 2. Nf3 Nf6 3. e5 Ng4 4. d4 d6 5. h3 Nh6 6. Nc3 a6 7. Bg5 dxe5 8. d5
Nd4 9. Nxe5 Ndf5 10. g4 Nd6 11. Bh4 f6 12. Nf3 e5 13. dxe6 Bxe6 14. Qe2 Qe7 15.
O-O-O O-O-O 16. Re1 Re8 17. Bg2 Nhf7 18. Nd4 Bd7 19. Bxb7+ Kxb7 20. Qf3+ c6 21.
Rxe7 Bxe7 22. Nb3 Nb5 23. Rd1 Ne5 24. Qg2 Nxc3 25. bxc3 Be6 26. f4 Nc4 27. f5
Rd8 28. Re1 Ba3+ 29. Kb1 Bd5 30. Qe2 Ka8 31. Bg3 Rd7 32. Bf4 a5 33. Bc1 a4 34.
Bxa3 Nxa3+ 35. Kc1 axb3 36. axb3 Nb5 37. Kb2 Nc7 38. c4 Bf7 39. Qe3 Kb7 40. Ra1
Ra8 41. Rxa8 Nxa8 42. Qc5 Nc7 43. Qb4+ Ka7 44. Qf8 Be8 45. b4 Kb7 46. b5 Kb6
47. Qb4 c5 48. Qe1 Rd4 49. Qe7 Rxc4 50. Qxg7 Nxb5 51. Qxf6+ Bc6 52. Qd8+ Ka6
53. Qc8+ Kb6 54. f6 Nd4 55. c3 Nb5 56. Qg8 Re4 57. f7 Re2+ 58. Kc1 Nxc3 59.
f8=Q Na2+ 60. Kb1 Nc3+ 61. Kc1 Re1+ 62. Kb2 Na4+ 63. Kc2 Be4+ 64. Kd2 1-0

[Event "FRA-chT1 0910"]
[Site "France"]
[Date "2009.12.12"]
[Round "6.5"]
[White "Daurelle, Herve"]
[Black "Aveline, Philippe"]
[Result "1/2-1/2"]
[WhiteElo "2222"]
[BlackElo "2150"]
[PlyCount "33"]
[EventDate "2009.09.27"]
[EventType "team-match"]
[EventRounds "11"]
[EventCountry "FRA"]
[SourceDate "2009.07.26"]

1. e4 d5 2. exd5 Nf6 3. c4 c6 4. Nc3 cxd5 5. cxd5 Nxd5 6. Nf3 Nxc3 7. bxc3 g6
8. d4 Bg7 9. Bd3 Nc6 10. O-O O-O 11. Re1 b6 12. Bg5 Qd6 13. Be4 e6 14. Qd2 Ba6
15. Bh6 Rac8 16. Qg5 Ne7 17. Re3 1/2-1/2

[Event "FRA-chT1 0910"]
[Site "France"]
[Date "2009.12.12"]
[Round "6.6"]
[White "Callet, Emmanuel"]
[Black "Coste, Thierry"]
[Result "1-0"]
[WhiteElo "2140"]
[BlackElo "2193"]
[PlyCount "89"]
[EventDate "2009.09.27"]
[EventType "team-match"]
[EventRounds "11"]
[EventCountry "FRA"]
[SourceDate "2009.07.26"]

1. d4 Nf6 2. Nf3 d6 3. Nc3 Bf5 4. g3 h6 5. Bg2 c6 6. O-O Nbd7 7. Re1 e5 8. e4
Bg4 9. h3 Bxf3 10. Bxf3 Be7 11. Ne2 b5 12. Bg2 O-O 13. c3 Qc7 14. g4 c5 15. Ng3
Rfc8 16. Nf5 Bf8 17. d5 c4 18. Qf3 Nh7 19. Qg3 g5 20. Kh2 Nc5 21. Re2 Rab8 22.
Be3 Nd3 23. Rh1 b4 24. h4 bxc3 25. bxc3 Nf4 26. Rc2 f6 27. Bxf4 gxf4 28. Qf3
Qf7 29. Bh3 Rc7 30. g5 fxg5 31. Nxh6+ Bxh6 32. Be6 Kf8 33. Bxf7 Rxf7 34. Rg1
Rbb7 35. Qh5 Rf6 36. f3 Ke7 37. hxg5 Nxg5 38. Rxg5 Bxg5 39. Qxg5 Rb8 40. Rg2
Rbf8 41. Rb2 R8f7 42. Rb7+ Kf8 43. Rb8+ Ke7 44. Kg2 a5 45. a4 1-0

[Event "FRA-chT1 0910"]
[Site "France"]
[Date "2009.12.12"]
[Round "6.7"]
[White "Olivier, Pierre"]
[Black "Geffroy, Laurent"]
[Result "1/2-1/2"]
[WhiteElo "2215"]
[BlackElo "2239"]
[PlyCount "85"]
[EventDate "2009.09.27"]
[EventType "team-match"]
[EventRounds "11"]
[EventCountry "FRA"]
[SourceDate "2009.07.26"]

1. Nf3 Nf6 2. c4 e6 3. e3 d5 4. d4 c6 5. b3 Nbd7 6. Bb2 Bd6 7. Bd3 O-O 8. Nbd2
Qe7 9. Ne5 c5 10. O-O b6 11. cxd5 exd5 12. f4 Bb7 13. Bf5 Rfe8 14. Ndf3 Nf8 15.
Ng5 Bxe5 16. fxe5 h6 17. Nxf7 Kxf7 18. exf6 Qxe3+ 19. Kh1 g6 20. Bd3 Re6 21.
Rf3 Qg5 22. Rg3 Qf4 23. Rf3 Qg5 24. Qc2 Rc8 25. dxc5 bxc5 26. Qf2 d4 27. Rg3
Qh5 28. Bc4 Bd5 29. Bxd5 Qxd5 30. Qd2 Rce8 31. Rf1 g5 32. Qd1 Re2 33. Bc1 Ng6
34. Qd3 Rxa2 35. Bd2 Qe6 36. Bxg5 Qe2 37. Qxe2 Rexe2 38. Bxh6 Rf2 39. Kg1 Rxf6
40. Rg5 Rxf1+ 41. Kxf1 Rc2 42. Ke1 d3 43. Rd5 1/2-1/2

[Event "FRA-chT1 0910"]
[Site "France"]
[Date "2009.12.12"]
[Round "6.1"]
[White "Moussard, Jules"]
[Black "Demuth, Adrien"]
[Result "1-0"]
[WhiteElo "2364"]
[BlackElo "2387"]
[PlyCount "71"]
[EventDate "2009.09.27"]
[EventType "team-match"]
[EventRounds "11"]
[EventCountry "FRA"]
[SourceDate "2009.07.26"]

1. e4 c5 2. Nf3 Nc6 3. d4 cxd4 4. Nxd4 Nf6 5. Nc3 d6 6. Bg5 e6 7. Qd2 a6 8.
O-O-O Bd7 9. f4 b5 10. Bxf6 gxf6 11. Nxc6 Bxc6 12. Bd3 Qb6 13. Kb1 Qc5 14. Qe2
Ra7 15. Qg4 h5 16. Qh3 b4 17. Ne2 a5 18. f5 e5 19. Qh4 Ke7 20. c4 a4 21. Rhe1
a3 22. b3 Rg8 23. Ng3 Qd4 24. Re2 Rg4 25. Qh3 Bxe4 26. Nxe4 Rxe4 27. Qf3 Rxe2
28. Qxe2 Bh6 29. Be4 Qc5 30. Bd5 Bg5 31. Qxh5 Qf2 32. Qxf7+ Kd8 33. Qxf6+ Kc7
34. Qe7+ Kb6 35. Qd8+ Kc5 36. Qc8+ 1-0

[Event "FRA-chT1 0910"]
[Site "France"]
[Date "2009.12.12"]
[Round "6.2"]
[White "Lambert, Romain"]
[Black "Bergez, Luc"]
[Result "0-1"]
[WhiteElo "2010"]
[BlackElo "2382"]
[PlyCount "66"]
[EventDate "2009.09.27"]
[EventType "team-match"]
[EventRounds "11"]
[EventCountry "FRA"]
[SourceDate "2009.07.26"]

1. d4 Nf6 2. c4 e5 3. dxe5 Ng4 4. Nf3 Bc5 5. e3 Nc6 6. Be2 Ngxe5 7. Nxe5 Nxe5
8. O-O a5 9. Nd2 Ra6 10. Ne4 Ba7 11. Qd5 Qe7 12. f4 Nc6 13. a3 Nd8 14. c5 Rh6
15. b4 b6 16. Qa8 Bb7 17. Qxa7 Bxe4 18. Qxc7 O-O 19. Bf3 Bxf3 20. Rxf3 Rc6 21.
Qe5 Qxe5 22. fxe5 bxc5 23. b5 Re6 24. Bb2 a4 25. Bc3 Rb6 26. Rb1 Ne6 27. Rf2
Rfb8 28. Rbf1 Rxb5 29. Rxf7 Rb3 30. Ba1 Rd3 31. Re7 c4 32. Bd4 c3 33. Ba7 Rc8
0-1

[Event "FRA-chT1 0910"]
[Site "France"]
[Date "2009.12.12"]
[Round "6.3"]
[White "Justo, Damian"]
[Black "Voisembert, Alain"]
[Result "1-0"]
[WhiteElo "2320"]
[BlackElo "2092"]
[PlyCount "53"]
[EventDate "2009.09.27"]
[EventType "team-match"]
[EventRounds "11"]
[EventCountry "FRA"]
[SourceDate "2009.07.26"]

1. d4 Nf6 2. Nf3 e6 3. e3 b6 4. Bd3 Bb7 5. O-O Be7 6. c4 d6 7. Nc3 Nbd7 8. e4
e5 9. d5 O-O 10. Rb1 Re8 11. b4 Qc8 12. Re1 h6 13. Nh4 Nf8 14. Nf5 Ng6 15. Re3
Bf8 16. Rg3 Qd8 17. Bc2 Bc8 18. Qf3 Bd7 19. Ba4 Bxa4 20. Nxa4 a5 21. b5 Nh7 22.
h4 Kh8 23. Nxh6 gxh6 24. Qxf7 Re7 25. Qxg6 Rg7 26. Qh5 Qf6 27. Rf3 1-0

[Event "FRA-chT1 0910"]
[Site "France"]
[Date "2009.12.12"]
[Round "6.4"]
[White "Sola, Flavien"]
[Black "Guichard, Pauline"]
[Result "0-1"]
[WhiteElo "1927"]
[BlackElo "2300"]
[PlyCount "45"]
[EventDate "2009.09.27"]
[EventType "team-match"]
[EventRounds "11"]
[EventCountry "FRA"]
[SourceDate "2009.07.26"]

1. e4 c5 2. Nc3 e6 3. g3 Nc6 4. Bg2 Nf6 5. Nge2 Be7 6. O-O O-O 7. d4 d6 8. h3
Qb6 9. Na4 Qa6 10. b3 cxd4 11. Nxd4 Bd7 12. Nb2 Rac8 13. c4 Nxd4 14. Qxd4 Bc6
15. Re1 Nd7 16. Be3 Nc5 17. b4 Bf6 18. Qd2 Nxe4 19. Qc2 Bxb2 20. Qxb2 Qxc4 21.
Rac1 Qb5 22. a4 Qf5 {suite illisible} 23. Qd4 0-1

[Event "FRA-chT1 0910"]
[Site "France"]
[Date "2009.12.12"]
[Round "6.5"]
[White "Perrin, Guillaume"]
[Black "Sauvaget, Franck"]
[Result "1-0"]
[WhiteElo "2315"]
[BlackElo "1947"]
[PlyCount "79"]
[EventDate "2009.09.27"]
[EventType "team-match"]
[EventRounds "11"]
[EventCountry "FRA"]
[SourceDate "2009.07.26"]

1. e4 d6 2. d4 Nf6 3. Nc3 e5 4. dxe5 dxe5 5. Qxd8+ Kxd8 6. Bc4 Ke8 7. f3 Bc5 8.
Na4 Bd6 9. Be3 Nbd7 10. O-O-O Ke7 11. g4 Nb6 12. Nxb6 axb6 13. Ne2 Be6 14. Bxe6
fxe6 15. Kb1 Ra6 16. Nc1 Rf8 17. Nd3 Rfa8 18. a3 Nd7 19. Bd2 b5 20. Bc3 c5 21.
Kc1 Ra4 22. Be1 b4 23. Bh4+ Ke8 24. Nxb4 cxb4 25. Rxd6 bxa3 26. Rxe6+ Kf8 27.
bxa3 Rxa3 28. Be7+ Kf7 29. Bxa3 Kxe6 30. Kb2 Nb6 31. Bb4 Ra4 32. Kb3 Ra6 33.
Rd1 Nd7 34. g5 Rc6 35. Rd5 Rb6 36. c3 Nf8 37. Rd8 Ng6 38. Kc4 Nh4 39. Re8+ Kf7
40. Rxe5 1-0

[Event "FRA-chT1 0910"]
[Site "France"]
[Date "2009.12.12"]
[Round "6.7"]
[White "Betton, Olivier"]
[Black "Jourdain, Florian"]
[Result "1-0"]
[WhiteElo "2162"]
[BlackElo "1480"]
[PlyCount "59"]
[EventDate "2009.09.27"]
[EventType "team-match"]
[EventRounds "11"]
[EventCountry "FRA"]
[SourceDate "2009.07.26"]

1. c4 d6 2. g3 g6 3. Bg2 Bg7 4. Nc3 e5 5. e4 Ne7 6. Nge2 O-O 7. O-O Nbc6 8. d3
Be6 9. Nd5 Qd7 10. Bh6 Bxd5 11. Bxg7 Kxg7 12. cxd5 Nd8 13. d4 f6 14. Rc1 Rc8
15. Rc3 Nf7 16. Qb3 b6 17. Rfc1 Qg4 18. Qc2 a5 19. Bf3 Qg5 20. Rxc7 Rxc7 21.
Qxc7 Rc8 22. Qxe7 Rxc1+ 23. Nxc1 Qxc1+ 24. Kg2 exd4 25. Bg4 Qc8 26. Bxc8 d3 27.
Be6 d2 28. Qxf7+ Kh6 29. h4 Kh5 30. g4+ 1-0